<The> Impact of price-cost competitiveness factors on economic growth

Skúmanie, či cenovo-nákladové faktory konkurencieschopnosti môžu ovplyvniť dlhodobý ekonomický rast vo vybraných krajinách. Analýza vychádza z neoklasického rastového modelu rozšíreného o ľudský kapitál.

Na minha lista:
Detalhes bibliográficos
Autor principal: Baranová, Veronika
Formato: Capítulo de Livro
Idioma:inglês
Assuntos:
Tags: Adicionar Tag
Sem tags, seja o primeiro a adicionar uma tag!

MARC

LEADER 00000naa a2200000 4500
001 0174413
005 20231129091908.4
041 0 |a eng 
044 |a CZ 
245 1 0 |a <The> Impact of price-cost competitiveness factors on economic growth  |c Veronika Baranová 
520 |a Skúmanie, či cenovo-nákladové faktory konkurencieschopnosti môžu ovplyvniť dlhodobý ekonomický rast vo vybraných krajinách. Analýza vychádza z neoklasického rastového modelu rozšíreného o ľudský kapitál. 
610 2 0 |a rast hospodársky 
610 2 0 |a konkurencieschopnosť 
610 2 0 |a modely rastu neoklasické 
610 2 0 |a regresia 
100 1 |a Baranová, Veronika